000 00258nam a22001097a 4500
008 140319t xxu||||| |||| 00| 0 eng d
020 _a81-7758-278-X
100 _aT K Attwood
_9783
245 _aIntroduction to Bioinformatics
300 _a240
942 _2ddc
_cBK
999 _c17037
_d17037